<?xml version="1.0" encoding="UTF-8"?>
<record
    xmlns:xsi="http://www.w3.org/2001/XMLSchema-instance"
    xsi:schemaLocation="http://www.loc.gov/MARC21/slim http://www.loc.gov/standards/marcxml/schema/MARC21slim.xsd"
    xmlns="http://www.loc.gov/MARC21/slim">

  <leader>00809nab a2200241uuc4500</leader>
  <controlfield tag="001">1401893</controlfield>
  <controlfield tag="005">20250122091303.0</controlfield>
  <controlfield tag="008">150303e20141205                    spa  </controlfield>
  <datafield tag="035" ind1=" " ind2=" ">
    <subfield code="a">1401893</subfield>
  </datafield>
  <datafield tag="040" ind1=" " ind2=" ">
    <subfield code="c">comduadb</subfield>
  </datafield>
  <datafield tag="041" ind1=" " ind2=" ">
    <subfield code="a">spa</subfield>
  </datafield>
  <datafield tag="100" ind1="1" ind2="0">
    <subfield code="a">Serrano Garc&#xED;a, Andr&#xE9;s</subfield>
    <subfield code="4">aut</subfield>
    <subfield code="e">aut</subfield>
    <subfield code="9">705658</subfield>
  </datafield>
  <datafield tag="245" ind1="1" ind2="3">
    <subfield code="a">El misterio de la navidad en el nuevo testamento</subfield>
  </datafield>
  <datafield tag="600" ind1="0" ind2="0">
    <subfield code="a">Jesucristo</subfield>
    <subfield code="9">869624</subfield>
  </datafield>
  <datafield tag="650" ind1=" " ind2="7">
    <subfield code="a">Navidad</subfield>
    <subfield code="2">lemb</subfield>
    <subfield code="9">35710</subfield>
  </datafield>
  <datafield tag="650" ind1=" " ind2=" ">
    <subfield code="a">Navidad en la literatura</subfield>
    <subfield code="9">130083</subfield>
  </datafield>
  <datafield tag="650" ind1=" " ind2=" ">
    <subfield code="a">Fiestas religiosas - Historia</subfield>
    <subfield code="9">150505</subfield>
  </datafield>
  <datafield tag="650" ind1=" " ind2=" ">
    <subfield code="a">Nacimiento de Jesus</subfield>
    <subfield code="9">109460</subfield>
  </datafield>
  <datafield tag="650" ind1=" " ind2=" ">
    <subfield code="a">Evangelio de Mateo</subfield>
    <subfield code="9">36055</subfield>
  </datafield>
  <datafield tag="650" ind1=" " ind2=" ">
    <subfield code="a">Evangelio de Lucas</subfield>
    <subfield code="9">186044</subfield>
  </datafield>
  <datafield tag="773" ind1="0" ind2=" ">
    <subfield code="t">Revista Agustiniana (Madrid)</subfield>
    <subfield code="g">Volumen 55, N&#xFA;mero 168, Septiembre-Diciembre 2014, 511-527</subfield>
    <subfield code="w">106607</subfield>
    <subfield code="z">0211612X</subfield>
    <subfield code="0">89568</subfield>
  </datafield>
  <datafield tag="942" ind1=" " ind2=" ">
    <subfield code="c">ARIMP</subfield>
  </datafield>
  <datafield tag="999" ind1=" " ind2=" ">
    <subfield code="c">703241</subfield>
    <subfield code="d">703241</subfield>
  </datafield>
</record>
